Odor control for wastewater facilities /

Guardado en:
Autores Corporativos: Water Environment Federation. Facilities Development Subcommittee., Water Environment Federation. Task Force on Odor Control.
Formato: Libro
Idioma:English
Publicado: Washington, D.C. : Water Pollution Control Federation, c1979.
Series:Manual of practice. Facilities Development ; Nº 22
Materias:
Etiquetas: Agregar Etiqueta
Sin Etiquetas, Sea el primero en etiquetar este registro!
LEADER 00997nam a22002055a 4500
001 EIQ.libpla001341
008 060912s1979####dcua#####b####001#0#eng#d
005 20060912194619.0
245 1 0 |a Odor control for wastewater facilities /  |c prepared by Task Force on Odor Control ; under the direction of the Facilities Development Subcommittee of the Technical Practice Committee. 
260 |a Washington, D.C. :  |b Water Pollution Control Federation,  |c c1979. 
300 |a vii, 80 p. :  |b il., tablas ;  |c 26 cm. 
490 0 |a Manual of practice ;  |v Nº 22 
504 |a Incluye referencias bibliográficas e índice. 
710 2 |a Water Environment Federation.  |b Facilities Development Subcommittee. 
830 0 |a Manual of practice.  |p Facilities Development ;  |v Nº 22 
650 4 |a Aguas residuales  |x Control del olor. 
650 4 |a Sewage  |x Odor control. 
040 |a AR-BbSID  |b spa  |c AR-BbSID 
110 2 |a Water Environment Federation.  |b Task Force on Odor Control. 
859 |a AR-BbSID  |b BIB. PLAPIQUI  |h 628.168  |i W 291  |p 2802